[Event "Eurasia Cup op"]
[Site "Ekaterinburg"]
[Date "2019.08.09"]
[Round "9"]
[White "Pastukhov, Leonid"]
[Black "Chekletsov, Ilya"]
[Result "0-1"]
[WhiteElo "2215"]
[BlackElo "2374"]
[PlyCount "34"]
[EventDate "2019.07.31"]
[EventType "swiss"]
[EventRounds "9"]
[EventCountry "RUS"]
[SourceTitle "CBM 191 Extra"]
[Source "ChessBase"]
[SourceDate "2019.09.30"]
[SourceVersion "1"]
[SourceVersionDate "2019.09.30"]
[SourceQuality "1"]

1. e4 c5 2. a3 g6 3. b4 Bg7 4. c3 d5 5. bxc5 dxe4 6. Qa4+ Nc6 7. Qxe4 Nf6 8. Qh4 0-0 9. Nf3 e5 10. Bc4 e4 11. Ng5 Ne5 12. Nxe4 Nxe4 13. Qxe4 Bf5 14. Qe2 Nxc4 15. Qxc4 Bd3 16. Qf4 Re8+ 17. Kd1 Qd5 0-1

[Event "Eurasia Cup op"]
[Site "Ekaterinburg"]
[Date "2019.08.08"]
[Round "8"]
[White "Trukhin, Dmitry"]
[Black "Pastukhov, Leonid"]
[Result "0-1"]
[WhiteElo "1976"]
[BlackElo "2215"]
[PlyCount "38"]
[EventDate "2019.07.31"]
[EventType "swiss"]
[EventRounds "9"]
[EventCountry "RUS"]
[SourceTitle "CBM 191 Extra"]
[Source "ChessBase"]
[SourceDate "2019.09.30"]
[SourceVersion "1"]
[SourceVersionDate "2019.09.30"]
[SourceQuality "1"]

1. d4 Nf6 2. c4 e6 3. Nc3 d5 4. cxd5 exd5 5. Bg5 c6 6. e3 Bd6 7. Bd3 h6 8. Bh4 0-0 9. Qc2 Re8 10. Nge2 Nbd7 11. Bg3 Nf8 12. 0-0 Ng4 13. Rad1 Bxg3 14. hxg3 Qa5 15. Nf4 Ne6 16. Nh3 h5 17. Ne2 g5 18. e4 dxe4 19. Bxe4 Nf6 0-1

[Event "Eurasia Cup op"]
[Site "Ekaterinburg"]
[Date "2019.08.05"]
[Round "5"]
[White "Pastukhov, Leonid"]
[Black "Radzhabov, Rodion"]
[Result "0-1"]
[WhiteElo "2215"]
[BlackElo "2404"]
[PlyCount "90"]
[EventDate "2019.07.31"]
[EventType "swiss"]
[EventRounds "9"]
[EventCountry "RUS"]
[SourceTitle "CBM 191 Extra"]
[Source "ChessBase"]
[SourceDate "2019.09.30"]
[SourceVersion "1"]
[SourceVersionDate "2019.09.30"]
[SourceQuality "1"]

1. c4 Nf6 2. Nc3 e6 3. e4 d5 4. e5 Ne4 5. cxd5 exd5 6. Nxe4 dxe4 7. Qa4+ Nc6 8. Qxe4 Qd4 9. Qxd4 Nxd4 10. Bd3 Bf5 11. Bxf5 Nxf5 12. Nf3 0-0-0 13. 0-0 Bc5 14. Rb1 Nd4 15. Ng5 Rhe8 16. b4 Bb6 17. a4 a6 18. Bb2 h6 19. Bxd4 Bxd4 20. Nf3 Bxe5 21. Rfc1 Bf4 22. Rc2 Rd3 23. Kf1 g5 24. Rc3 Rd5 25. d3 Bd6 26. h3 f5 27. Nd2 b5 28. axb5 axb5 29. g4 Rd4 30. Rcb3 fxg4 31. hxg4 Rxg4 32. Ne4 Rf8 33. Ra1 Kb7 34. Rba3 Kc6 35. Rc1+ Kd7 36. Ra7 Bf4 37. Rc5 h5 38. Rxb5 h4 39. f3 Be3 40. Ke2 Rxe4 41. dxe4 Bxa7 42. Rxg5 Rh8 43. Rg2 h3 44. Rh2 Bg1 45. Rh1 h2 0-1

[Event "Eurasia Cup op"]
[Site "Ekaterinburg"]
[Date "2019.08.01"]
[Round "2"]
[White "Ulybin, Mikhail"]
[Black "Pastukhov, Leonid"]
[Result "1/2-1/2"]
[WhiteElo "2469"]
[BlackElo "2215"]
[PlyCount "105"]
[EventDate "2019.07.31"]
[EventType "swiss"]
[EventRounds "9"]
[EventCountry "RUS"]
[SourceTitle "CBM 191 Extra"]
[Source "ChessBase"]
[SourceDate "2019.09.30"]
[SourceVersion "1"]
[SourceVersionDate "2019.09.30"]
[SourceQuality "1"]

1. d4 Nf6 2. c4 e6 3. g3 d5 4. Bg2 c6 5. Nf3 Nbd7 6. 0-0 Bd6 7. Nc3 0-0 8. Nd2 Bc7 9. e4 c5 10. dxc5 d4 11. Na4 e5 12. b4 Re8 13. Ba3 Nf8 14. Nb2 Ng6 15. Nd3 h5 16. h4 Ng4 17. Re1 Be6 18. Rc1 Qd7 19. b5 a5 20. Rb1 Bd8 21. Qa4 Bxh4 22. gxh4 Nxh4 23. Nf3 Qd8 24. Nxh4 Qxh4 25. Bc1 Qh2+ 26. Kf1 f5 27. Rb2 fxe4 28. Rxe4 Rf8 29. Ne1 Qg3 30. Rxg4 Qxg4 31. Re2 Rad8 32. Nd3 Qf5 33. Qc2 h4 34. Bxb7 Qf7 35. Be4 Bxc4 36. b6 h3 37. Nxe5 Bxe2+ 38. Qxe2 d3 39. Nxd3 Qc4 40. Bf4 Rxf4 41. f3 Rxe4 42. Qxe4 Qxa2 43. Qe2 Qd5 44. Kg1 Qg5+ 45. Kh2 Rxd3 46. Qe8+ Kh7 47. Qe4+ g6 48. Kxh3 Rd1 49. f4 Qxc5 50. b7 Qc7 51. b8Q Qxb8 52. Qe7+ Kh6 53. Qg5+ 1/2-1/2

[Event "RUS-ch Eurasia Cup op"]
[Site "Ekaterinburg"]
[Date "2018.08.10"]
[Round "9"]
[White "Pastukhov, Leonid"]
[Black "Fotin, Vladimir"]
[Result "1/2-1/2"]
[WhiteElo "2166"]
[BlackElo "2359"]
[PlyCount "79"]
[EventDate "2018.08.01"]
[EventType "swiss"]
[EventRounds "9"]
[EventCountry "RUS"]
[SourceTitle "CBM 185 Extra"]
[Source "ChessBase"]
[SourceDate "2018.07.29"]
[SourceVersion "1"]
[SourceVersionDate "2018.07.29"]
[SourceQuality "1"]

1. d4 d5 2. c4 dxc4 3. e3 e6 4. Bxc4 Nf6 5. Nf3 a6 6. 0-0 c5 7. dxc5 Bxc5 8. Qxd8+ Kxd8 9. a3 Ke7 10. b4 Bd6 11. Bb2 b5 12. Bb3 Bb7 13. Nbd2 Nbd7 14. Rfe1 h6 15. e4 e5 16. Nh4 g6 17. Rad1 a5 18. f4 axb4 19. axb4 Rhd8 20. h3 Nh5 21. fxe5 Bxe5 22. Bxe5 Nxe5 23. Bd5 Bxd5 24. exd5 Rxd5 25. Nhf3 f6 26. Nxe5 fxe5 27. Nf3 Rxd1 28. Rxd1 Nf4 29. Re1 Ra2 30. Rxe5+ Kf6 31. Rxb5 Rxg2+ 32. Kf1 Rg3 33. Kf2 Rxh3 34. Rb8 g5 35. b5 Ne6 36. b6 g4 37. Nd2 Rd3 38. Ne4+ Ke5 39. b7 g3+ 40. Nxg3 1/2-1/2